[Event "45th FIDE Chess Olympiad Open"]
[Site "Budapest, Hungary"]
[Date "2024.09.13"]
[Round "3.217"]
[White "Karsten, Jan"]
[Black "Cogan, Nicolas"]
[Result "1/2-1/2"]
[WhiteElo "2311"]
[BlackElo "2112"]
[PlyCount "110"]
[EventDate "2024.??.??"]
[WhiteTeam "South Africa"]
[BlackTeam "Cote d’Ivoire"]
[WhiteTeamCountry "RSA"]
[WhiteClock "0:19:39"]
[BlackClock "0:06:05"]

1. e4 c5 2. Nf3 Nc6 3. d4 cxd4 4. Nxd4 Nf6 5. Nc3 h5 6. h3 g6 7. Nxc6 bxc6 8. e5 Nh7 9. Bc4 Bg7 10. Qe2 $146 ({RR} 10. f4 d6 11. O-O O-O 12. Be3 a5 13. Rf2 Rb8 14. Bb3 Qc7 15. Qf1 h4 16. Bd4 Bf5 17. Re1 Rfd8 18. a3 Rbc8 19. Nd1 dxe5 20. Bxe5 Qa7 21. Ne3 e6 22. a4 Nf6 23. Nxf5 exf5 24. Bxf6 Bxf6 {Abdumalik,Z (2496)-Nihal,S (2648) Fagernes 2022 0-1 (33)}) 10... O-O 11. O-O Rb8 12. Bf4 d5 13. exd6 exd6 14. Bb3 Rb4 15. Bd2 Rb7 16. Rad1 d5 17. Rfe1 Ng5 18. Bf4 Ne6 19. Be5 Qg5 20. Qd2 Qxd2 21. Rxd2 Bxe5 22. Rxe5 Nc5 23. f3 Be6 24. Na4 Nxa4 25. Bxa4 Rxb2 26. Bxc6 Rc8 27. Bxd5 Bxd5 28. Rexd5 Rcxc2 29. Rxc2 Rxc2 30. Ra5 Rc7 31. h4 Kg7 32. Ra6 Re7 33. Kf2 Kf8 34. Kg3 Kg7 35. Kf4 Kh6 36. a4 Kg7 37. a5 Kh6 38. Rc6 Kg7 39. g4 hxg4 40. fxg4 Rb7 41. h5 Rb4+ 42. Kf3 gxh5 43. gxh5 Rh4 44. Ra6 Rxh5 45. Rxa7 Rh4 46. Ra6 Ra4 47. Ke3 f6 48. Kd3 Kg6 49. Kc3 Kg5 50. Ra8 f5 51. a6 Kg4 52. Rg8+ Kf3 53. Rg6 f4 54. Kb3 Ra1 55. Rc6 Kg3 1/2-1/2

[Event "45th FIDE Chess Olympiad Open"]
[Site "Budapest, Hungary"]
[Date "2024.09.13"]
[Round "3.218"]
[White "De Gondo, Simplice Armel"]
[Black "Levitan, Caleb Levi"]
[Result "0-1"]
[WhiteElo "2045"]
[BlackElo "2193"]
[PlyCount "68"]
[EventDate "2024.??.??"]
[WhiteTeam "Cote d’Ivoire"]
[BlackTeam "South Africa"]
[BlackTeamCountry "RSA"]
[WhiteClock "0:29:49"]
[BlackClock "0:46:05"]

1. e4 c5 2. Nf3 e6 3. d4 cxd4 4. Nxd4 Nf6 5. Nc3 Nc6 6. Ndb5 ({RR} 6. Nxc6) 6... Bc5 ({RR} 6... d6 7. Bf4 e5 8. Bg5 a6 9. Na3) 7. Nd6+ ({RR} 7. Bf4 O-O 8. Bc7 Qe7 9. Bd6 Bxd6 10. Qxd6 Qd8 11. O-O-O a6 12. Nd4 Ne8 13. Qg3 Ne7 14. f4 b5 15. Bd3 b4 16. Nce2 Bb7 17. f5 exf5 18. exf5 Nf6 19. Qh4 Re8 20. Rhg1 Ned5 21. g4 Ne4) 7... Ke7 8. Nxc8+ Rxc8 9. Bd3 Qc7 10. O-O h5 ({RR} 10... a6 11. Kh1 h5 12. Bg5 {½-½ (12) Mamedov,R (2628)-Tregubov,P (2595) Konya 2012}) 11. Bg5 Kf8 12. Qe2 $146 ({RR} 12. Bxf6 gxf6 13. Kh1 Ne5 14. f4 ({RR} 14. Be2) 14... Ng4 15. Qf3 Qb6 16. Na4 Qb4 17. Nxc5 Qxc5 18. h3 Ne3 19. Rfe1 Nc4 20. Bxc4 Qxc4 21. c3 Ke7 22. Rad1 Rc7 23. a3 h4 24. e5 f5 25. Rd4 Qc6 26. Qf2 Ke8 {Kilic,E (2429)-Vakhlamov,I (2413) chess.com INT 2024 1-0 (71)}) ({RR} 12. Bxf6 gxf6 13. Kh1 Ne5 14. f4 Ng4 15. Qf3 a6 16. a3 ({RR} 16. Rae1 Bb4 17. g3 Ke7 18. Kg2 Qa5 19. h3 Nh6 20. f5 Bxc3 21. bxc3 Qe5 22. c4 Rcg8 23. Qf4 Rxg3+ 24. Qxg3 Rg8 25. Qxg8 Nxg8 26. Rb1 Qc7 27. Rb3 h4 28. Be2 Qe5 29. Rf2 Qxe4+ 30. Bf3 Qxf5) 16... Ke7 17. Rae1 Bd4 18. Nd1 Rcg8 19. c3 Ba7 20. Be2 b5 21. Qh3 Ke8 22. Qh4 Rh6 23. h3 Rhh8 24. Rf3 Bb6 25. Ref1 Bc5 26. Qe1 Ke7 {Dourerassou,J (2464)-Msellek,I (2384) Paris 2022 1-0 (39)}) ({RR} 12. Qd2 a6 13. h3 Ne5 14. Ne2 Qc6 15. b4 Be7 16. b5 axb5 17. Nd4 Qb6 18. Nxb5 Nxd3 19. Qxd3 Rc5 20. Bxf6 gxf6 21. Rab1 Qc6 22. Rfd1 d5 23. exd5 Rxd5 24. Qe2 Re5 25. Qf1 Qxc2 26. Nd4 Qc7 {Rogic,D (2436)-Mikes,J (2347) Austria AUT 2023 ½-½ (31)}) 12... Nd4 13. Qd2 Ng4 14. Bf4 Bd6 15. Bxd6+ Qxd6 16. f4 Qb6 17. Kh1 Qxb2 18. Na4 Qa3 19. Rab1 Qxa4 20. Bb5 Nxb5 21. Qxd7 Qc4 22. Qxb5 Qxb5 23. Rxb5 b6 24. h3 Nf6 25. e5 Nd5 26. Rf2 Ke7 27. f5 Rc5 28. Rb3 exf5 29. Rxf5 Rc3 30. Rb5 Ke6 31. Rf2 Rhc8 32. a4 Rxc2 33. Rxc2 Rxc2 34. a5 Rc5 0-1

[Event "45th FIDE Chess Olympiad Open"]
[Site "Budapest, Hungary"]
[Date "2024.09.13"]
[Round "3.219"]
[White "Mhango, Banele"]
[Black "Manan, Yoboue Hermann"]
[Result "1-0"]
[WhiteElo "2261"]
[BlackElo "2030"]
[PlyCount "88"]
[EventDate "2024.??.??"]
[WhiteTeam "South Africa"]
[BlackTeam "Cote d’Ivoire"]
[WhiteTeamCountry "RSA"]
[WhiteClock "0:19:09"]
[BlackClock "0:13:11"]

1. Nf3 Nf6 2. g3 d5 3. d4 c5 4. Bg2 Nc6 5. O-O cxd4 6. Nxd4 e6 7. c4 Bd6 8. cxd5 exd5 9. Nc3 Be5 10. Be3 O-O 11. Rc1 $146 ({RR} 11. h3 Re8 12. Qd2 Bd7 13. Rfd1 Qc8 14. Rac1 Bxh3 15. Nxd5 Bxg2 16. Nxf6+ Bxf6 17. Kxg2 Qg4 18. Nxc6 bxc6 19. Qc2 Re6 20. b3 Rae8 21. Qc4 Qf5 22. Rd3 Bd8 23. Bxa7 Bc7 24. Qc5 Qe4+ 25. Rf3 Qxe2 {Djurkovic,M (2155)-Belardinelli,F Nova Gorica 2000 1-0 (41)}) 11... Re8 12. Qd3 Qa5 13. Rfd1 Nxd4 14. Bxd4 Bg4 15. Rc2 Bh5 16. Qb5 Qxb5 17. Nxb5 Bg6 18. Rc7 a6 19. Bxe5 Rxe5 20. Nc3 Rb8 21. Bxd5 Nxd5 22. Rxd5 Rxd5 23. Nxd5 Be4 24. Nc3 Bc6 25. b4 g6 26. a4 Kg7 27. f4 h6 28. Kf2 Kf6 29. e4 Ke6 30. Ke3 Be8 31. e5 h5 32. Ne4 b6 33. Ng5+ Kd5 34. a5 Bc6 35. Ne4 Ba8 36. Nc3+ Ke6 37. Ra7 Bb7 38. axb6 h4 39. Na4 hxg3 40. hxg3 Bc6 41. Nc5+ Kd5 42. b7 Kc4 43. Rxa6 Kb5 44. Ra7 Kb6 1-0

[Event "45th FIDE Chess Olympiad Open"]
[Site "Budapest, Hungary"]
[Date "2024.09.13"]
[Round "3.220"]
[White "Nean, Franck Anderson"]
[Black "Cawdery, Daniel"]
[Result "0-1"]
[WhiteElo "1917"]
[BlackElo "2356"]
[PlyCount "74"]
[EventDate "2024.??.??"]
[WhiteTeam "Cote d’Ivoire"]
[BlackTeam "South Africa"]
[BlackTeamCountry "RSA"]
[WhiteClock "0:13:35"]
[BlackClock "0:28:47"]

1. d4 Nf6 2. c4 c5 3. d5 b5 4. cxb5 a6 5. bxa6 e6 6. a7 ({RR} 6. Nc3 exd5 7. Nxd5 Be7 8. e3 O-O 9. Ne2 Nxd5 10. Qxd5 Rxa6 11. Nc3 Rd6 12. Qf3 Nc6 13. Be2 Bb7 14. O-O Qa8 15. e4 Nd4 16. Qh5 Bxe4 17. Nxe4 Qxe4 18. Bd1 Rg6 19. Qh3 Ne2+ 20. Bxe2 Qxe2 {Nakamura,H (2787)-Dubov,D (2701) Moscow 2018 ½-½}) 6... Rxa7 7. Nc3 $146 ({RR} 7. dxe6 fxe6 8. e4 Nc6 9. Nc3 d5 10. Bb5 Qb6 11. a4 d4 12. Nb1 Ba6 13. Na3 Bxb5 14. axb5 Nb4 15. e5 Nfd5 16. Nf3 Be7 17. O-O O-O 18. Nc4 Qb7 19. Rxa7 Qxa7 20. Ng5 Bxg5 21. Bxg5 Rf5 {Hempson,P-Pritchard,D Blackpool/ Lancashire 1971 1-0 (35)}) ({RR} 7. dxe6 fxe6 8. e4 d5 9. e5 Ne4 10. Nd2 Nxd2 11. Bxd2 Nc6 12. Nf3 Qc7 13. Bb5 Ba6 14. Bxa6 Rxa6 15. O-O Be7 16. Re1 O-O 17. b3 Rf5 18. Bc3 Ra8 19. a4 Raf8 20. Qe2 Bd8 21. a5 Qf7 {Lutsko,A (2431)-Boder,J (2341) Wiesbaden 2022 1-0 (37)}) ({RR} 7. dxe6 fxe6 8. Nf3 d5 9. e3 Bd6 10. Bb5+ Bd7 11. Bxd7+ Nbxd7 12. Nc3 O-O 13. O-O Rb7 14. Re1 Ne5 15. Ng5 Re7 16. f4 Nc6 17. e4 dxe4 18. Ncxe4 Nxe4 19. Nxe4 Nd4 20. Nxd6 Qxd6 21. Be3 e5 {Rodriguez Izquierdo,B-Garcia del Campo,L Valladolid 1990 1-0}) ({RR} 7. dxe6 fxe6 8. Nf3 d5 9. g3 Be7 10. Bg2 O-O 11. O-O Nbd7 12. Nbd2 Qb6 13. b3 Bb7 14. Qc2 e5 15. e4 d4 16. Ne1 Qe6 17. Nd3 Ba6 18. a4 Nb6 19. Re1 Nfd7 20. Nb2 Qf7 21. f3 Bg5 {Ushenina,A (2423)-Pogosyan,S (2322) Batumi 2018 1-0 (56)}) 7... exd5 8. Nxd5 Nxd5 9. Qxd5 Nc6 10. Nf3 Nb4 11. Qe4+ Qe7 12. Qb1 Bb7 13. Nd2 g6 14. a3 Nc6 15. Nf3 Bg7 16. e3 Nd4 17. Nxd4 cxd4 18. Bd2 O-O 19. Qd3 Be4 20. Qb3 Rb7 21. Bb4 Qh4 22. g3 Qh6 23. Ba6 Rxb4 24. axb4 Bxh1 25. O-O-O Bf3 26. Rf1 g5 27. b5 Be2 28. Re1 d3 29. Kd2 Qf6 30. f4 Qb6 31. Qb4 Re8 32. e4 Bd4 33. Rxe2 dxe2 34. e5 d6 35. Bb7 Qxb7 36. Qxd4 dxe5 37. fxe5 Qxb5 0-1

[Event "45th FIDE Chess Olympiad Open"]
[Site "Budapest, Hungary"]
[Date "2024.09.13"]
[Round "3.221"]
[White "Gurner, Jem"]
[Black "Arab, Adlane"]
[Result "0-1"]
[WhiteElo "2091"]
[BlackElo "2477"]
[PlyCount "68"]
[EventDate "2024.??.??"]
[WhiteTeam "Jersey"]
[BlackTeam "Algeria"]
[BlackTeamCountry "ALG"]
[WhiteClock "0:09:56"]
[BlackClock "0:47:37"]

1. e4 c5 2. Nf3 d6 3. d4 cxd4 4. Qxd4 Nf6 5. Nc3 Nc6 6. Bb5 Bd7 7. Bxc6 Bxc6 8. Bg5 e6 9. O-O-O Be7 10. Qd3 O-O 11. Nd4 Qc7 12. f4 Rfd8 ({RR} 12... Rac8 13. Kb1 Rfe8 14. h4 a6 15. f5 Bd7 16. fxe6 fxe6 17. Nf3 Rcd8 18. h5 Bc8 19. h6 g6 20. Qd4 Rf8 21. e5 dxe5 22. Qxe5 Qxe5 23. Nxe5 Rde8 24. Rhf1 Nd5 25. Bxe7 Rxf1 26. Rxf1 Nxc3+ 27. bxc3 {Wang,Y (2734)-Zhao,J (2580) Xinghua Jiangsu 2011 1-0 (33)}) 13. Kb1 Rac8 ({RR} 13... b5 14. Ndxb5 Qb7 15. Rhe1 Rab8 16. a4 a6 17. b3 axb5 18. axb5 Bxb5 19. Qg3 Bc6 20. f5 Re8 21. fxe6 fxe6 22. Qh3 Qc8 23. Kb2 e5 24. Qh4 Qb7 25. Re3 Rf8 26. Rg3 Kh8 27. Rdd3 Rf7 28. Qh3 {Filippova,M (2007)-Williams,S (2467) chess.com INT 2024 0-1 (50)}) 14. Rhe1 $146 ({RR} 14. h4 a6 15. f5 e5 16. Bxf6 Bxf6 17. Nf3 Qb6 18. g4 d5 19. Qe2 d4 20. Nd5 Bxd5 21. exd5 e4 22. Ng5 Re8 23. Nxe4 Rxe4 24. Qxe4 d3 25. c3 Bxc3 26. b3 Qf2 {0-1 (26) Shabunova,E (1764)-Pogorelskikh,S (1817) Moscow 2017}) ({RR} 14. f5 Bd7 15. Ndb5 Bxb5 16. Nxb5 Qc5 17. Be3 Qe5 18. Nxa7 Ra8 19. Bb6 Nxe4 20. fxe6 Qxe6 21. Rhe1 f5 22. g4 Qf7 23. gxf5 Nc5 24. Qd5 Qxd5 25. Rxd5 Re8 26. Nb5 Bf8 27. Red1 Nd7 28. Bd4 Ra5 {Sochacki,C (2442)-Barbot,P (2405) Montbeliard 2014 1-0 (42)}) ({RR} 14. h4 Be8 15. f5 Bd7 16. Ndb5 Bxb5 17. Nxb5 Qc5 18. fxe6 fxe6 19. Nd4 Qe5 20. Qb3 d5 21. exd5 Qxd5 22. Qxd5 exd5 23. Nf5 Rd7 24. Nxe7+ Rxe7 25. Bxf6 gxf6 26. Rd2 Re5 27. c3 Rc4 28. Rhd1 Rxh4 {Votava,J (2395)-Stohl,I (2530) Czech Republic 1995 ½-½ (54)}) 14... a6 15. Qh3 Be8 16. f5 Bd7 17. Re2 b5 18. fxe6 fxe6 19. e5 dxe5 20. Nf3 e4 21. Nxe4 e5 22. Qh4 Bf5 23. Rxd8+ Rxd8 24. Nxf6+ gxf6 25. Bc1 Rd1 26. Qg3+ Kh8 27. Nh4 Be6 28. Re3 Qc4 29. b3 Qf1 30. Ng6+ hxg6 31. Qxg6 Rxc1+ 32. Kb2 Rb1+ 33. Kc3 b4+ 34. Kd2 Rd1# 0-1

[Event "45th FIDE Chess Olympiad Open"]
[Site "Budapest, Hungary"]
[Date "2024.09.13"]
[Round "3.222"]
[White "Djabri, Massinas"]
[Black "Carpenter, Paul A"]
[Result "1-0"]
[WhiteElo "2280"]
[BlackElo "1985"]
[PlyCount "89"]
[EventDate "2024.??.??"]
[WhiteTeam "Algeria"]
[BlackTeam "Jersey"]
[WhiteTeamCountry "ALG"]
[WhiteClock "1:22:50"]
[BlackClock "0:10:57"]

1. d4 b6 2. c4 Bb7 3. Nc3 e6 4. Nf3 d6 5. e4 Nd7 6. Bd3 ({RR} 6. Be2 Ngf6 7. Qc2 Be7 8. O-O h5 9. Rd1 a6 10. h3 Nf8 11. e5 N6d7 12. d5 g5 13. exd6 cxd6 14. dxe6 Nxe6 15. Nd4 Nxd4 16. Rxd4 g4 17. hxg4 hxg4 18. Bxg4 Ne5 19. Nd5 b5 20. b3 Bxd5 {Antonio,V (2407)-Rathnakaran,K (2256) Indore IND 2024 0-1 (40)}) 6... g6 7. h4 $146 ({RR} 7. O-O Bg7 8. Re1 Ne7 9. Be3 h6 10. Qd2 a6 11. a4 Kf8 12. b4 a5 13. bxa5 Rxa5 14. Ra2 Kg8 15. Rb1 Kh7 16. Rb5 Ra8 17. h4 Nc6 18. h5 e5 19. d5 Ne7 20. Be2 Rg8 21. hxg6+ fxg6 {Sowa,M (1720)-Przytula,G (1955) Rewal 2011 ½-½ (34)}) ({RR} 7. O-O Bg7 8. Be3 Ne7 9. Rc1 O-O 10. Qd2 Re8 11. Bh6 Bh8 12. Ng5 Bxd4 13. Bb1 Nc6 14. Nb5 Bg7 15. Bxg7 Kxg7 16. f4 a6 17. Nc3 h6 18. Nh3 Qe7 19. Rf3 Nf6 20. Rcf1 Rf8 21. Qf2 Rad8 {Keze,A (1684)-Lukovski,L (1917) Katerini 2014 0-1 (51)}) ({RR} 7. O-O Bg7 8. Be3 Ne7 9. Qd2 h6 10. h3 a6 11. b4 Kf8 12. Nh2 Nc6 13. f4 Nxd4 14. f5 exf5 15. exf5 g5 16. f6 Bxf6 17. Ng4 Ne6 18. h4 Be5 19. Bg6 Nf4 20. Bxf7 Kxf7 21. g3 Ke8 {Ortlauf,E (1910)-Scheidt,J (1975) Bayern 2009 0-1}) 7... h6 8. d5 e5 9. Be3 Ngf6 10. Nd2 Bg7 11. Qe2 Qe7 12. g4 a5 13. Bc2 Nc5 14. f3 Nfd7 15. h5 g5 16. Nf1 O-O 17. Ng3 Rfb8 18. b3 Qd8 19. O-O Bc8 20. a3 Nf6 21. b4 Ncd7 22. Ba4 Nf8 23. Bc6 Bb7 24. Bxb7 Rxb7 25. Nf5 axb4 26. axb4 Rba7 27. Qb2 Kh7 28. Nb5 Rxa1 29. Rxa1 Rxa1+ 30. Qxa1 Qb8 31. Qa7 Qxa7 32. Nxa7 N8d7 33. Nc6 Ne8 34. Kf2 Bf6 35. Ke2 Ng7 36. Ng3 Kg8 37. Kd3 Kf8 38. Kc3 Ke8 39. Kb3 Bd8 40. Ka4 f6 41. Kb5 Nf8 42. Ka6 Kd7 43. Kb7 Nh7 44. Nb8+ Ke8 45. Kc8 1-0

[Event "45th FIDE Chess Olympiad Open"]
[Site "Budapest, Hungary"]
[Date "2024.09.13"]
[Round "3.223"]
[White "Mooney, Graham"]
[Black "Brahami, Lamine"]
[Result "0-1"]
[WhiteElo "1935"]
[BlackElo "2188"]
[PlyCount "71"]
[EventDate "2024.??.??"]
[WhiteTeam "Jersey"]
[BlackTeam "Algeria"]
[BlackTeamCountry "ALG"]
[WhiteClock "0:20:18"]
[BlackClock "0:27:28"]

1. e4 c5 2. Nf3 d6 3. d4 cxd4 4. Nxd4 Nf6 5. Nc3 a6 6. Be3 e5 7. Nb3 Be7 8. f3 Be6 9. Qd2 O-O 10. O-O-O Nbd7 11. g4 b5 12. Nd5 Bxd5 13. exd5 Nb6 14. Bxb6 Qxb6 15. h4 a5 16. Kb1 Rfc8 ({RR} 16... a4 17. Nc1 b4 18. h5 h6 19. g5 hxg5 20. h6 g6 21. Bd3 Nh7 22. Rhg1 f5 23. Qe2 Bf6 24. f4 exf4 25. Qe6+ Kh8 26. Rxg5 Bxg5 27. Qxg6 Qc7 28. Bxf5 Qf7 29. Qxf7 Rxf7 30. Be6 Rf6 31. Rg1 {Shanmathi Sree S (1851)-Bodnaruk,A (2359) FIDE Online Arena INT 2024 0-1 (41)}) 17. g5 Nh5 18. Bh3 Rc4 19. Bg4 $146 ({RR} 19. Qe1 Nf4 20. Bf1 Rc7 21. Qe4 Qb7 22. Nd4 Rc5 23. Nc6 Bf8 24. h5 g6 25. hxg6 fxg6 26. Rd2 Qf7 27. Bh3 Rc4 28. Be6 Nxe6 29. dxe6 Qe8 30. Nd4 Rxd4 31. Rxd4 exd4 32. e7 Bg7 33. Qd5+ Kh8 {Fernandez,L (2003)-Lallement,V (2097) Pau 2008 ½-½ (35)}) 19... Nf4 20. Rh2 a4 21. Nc1 a3 22. b3 Rd4 23. Qf2 Nxd5 24. Rxd4 exd4 25. Ne2 Ne3 26. Ng3 Qc7 27. Qd2 d5 28. Rh3 Bb4 29. Qd3 Re8 30. Ne2 Nxc2 31. Qxb5 Rb8 32. Qd3 Ne1 33. Qd1 d3 34. f4 dxe2 35. Qxe2 d4 36. Qc4 0-1

[Event "45th FIDE Chess Olympiad Open"]
[Site "Budapest, Hungary"]
[Date "2024.09.13"]
[Round "3.224"]
[White "Bengherabi, Khalil"]
[Black "Forbes, Garry"]
[Result "1-0"]
[WhiteElo "2076"]
[BlackElo "1858"]
[PlyCount "79"]
[EventDate "2024.??.??"]
[WhiteTeam "Algeria"]
[BlackTeam "Jersey"]
[WhiteTeamCountry "ALG"]
[WhiteClock "0:01:25"]
[BlackClock "0:00:33"]

1. e4 d5 2. exd5 Nf6 3. d4 Bg4 4. Nf3 Qxd5 5. Be2 Nc6 6. O-O O-O-O 7. c4 Qf5 8. Be3 e5 9. d5 e4 10. Nd4 Nxd4 11. Bxd4 Bd6 12. Bxf6 Bxe2 13. Qxe2 gxf6 14. Nc3 Qe5 15. g3 $146 ({RR} 15. f4 Qd4+ 16. Kh1 f5 17. Rad1 Qf6 18. a3 Rhg8 19. Nb5 Rg4 20. Nxd6+ Qxd6 21. Qe3 Rdg8 22. Rd2 Qa6 23. Rc2 h5 24. Rd1 h4 25. c5 Qh6 26. c6 Kb8 27. Qb3 b6 28. Qa4 Qf8 29. d6 cxd6 {Zangrilli,D-Labarthe,A (2035) Paris 1998 1-0}) 15... f5 16. Rab1 h5 17. Qe3 h4 18. Ne2 Rdg8 19. c5 Be7 20. d6 hxg3 21. hxg3 Qg7 22. Kg2 Bg5 23. f4 Bf6 24. c6 b6 25. d7+ Kd8 26. b4 Qg4 27. Rh1 Rxh1 28. Rxh1 Qg7 29. Qa3 Qg4 30. Qe3 Qg7 31. Qa3 Qg4 32. Qe3 Qg7 33. a4 Qg6 34. a5 Be7 35. axb6 axb6 36. b5 Bc5 37. Qc3 Ke7 38. Qe5+ Qe6 39. Qxc7 Rd8 40. Rh8 1-0

[Event "45th FIDE Chess Olympiad Open"]
[Site "Budapest, Hungary"]
[Date "2024.09.13"]
[Round "3.225"]
[White "Makoto, Rodwell"]
[Black "Gabriel, Davidson"]
[Result "1-0"]
[WhiteElo "2311"]
[BlackElo "2043"]
[PlyCount "139"]
[EventDate "2024.??.??"]
[WhiteTeam "Zimbabwe"]
[BlackTeam "Haiti"]
[WhiteTeamCountry "ZIM"]
[BlackTeamCountry "HAI"]
[WhiteClock "0:26:50"]
[BlackClock "0:36:39"]

1. Nf3 Nf6 2. c4 g6 3. g3 Bg7 4. Bg2 O-O 5. O-O c5 6. Nc3 d5 7. cxd5 Nxd5 8. d4 cxd4 9. Nxd4 Nxc3 10. bxc3 Qc7 11. Qb3 a6 12. Rb1 e5 13. Nc2 Nc6 14. Ne3 Na5 15. Qb4 Be6 16. Nd5 $146 ({RR} 16. Bd5 Bh3 17. Rd1 Rfd8 18. g4 Rd7 19. Qe4 Qd8 20. Bxf7+ Kxf7 21. Qf3+ Kg8 22. Rxd7 Qxd7 23. Qxh3 Rc8 24. Qf3 b5 25. Ba3 Nc4 26. Rd1 Qe6 27. Nxc4 Qxc4 28. Bb4 e4 29. Qe3 a5 30. Be7 Qe6 {Costello,A (2258)-Nguyen,T (1971) Chess.com INT 2020 0-1 (44)}) 16... Bxd5 17. Bxd5 Rac8 18. e4 h5 19. a4 b5 20. axb5 axb5 21. Qxb5 Rb8 22. Qd3 Rxb1 23. Qxb1 Rc8 24. Bg5 Kh7 25. Rc1 f6 26. Be3 Nc4 27. Bxc4 Qxc4 28. Qb7 Rd8 29. h4 Rd3 30. Ra1 Rxc3 31. Ra7 Qg8 32. Qd7 Rc8 33. Kh2 Ra8 34. Rb7 Rb8 35. Ra7 Ra8 36. Rc7 Rd8 37. Qe7 Qf8 38. Qe6 Qd6 39. Qf7 Qf8 40. Qc4 Kh8 41. Bc5 Qg8 42. Qa6 Re8 43. Qa7 Rc8 44. Rd7 Rd8 45. Rf7 Rc8 46. Rb7 Re8 47. Bb6 Rc8 48. Rd7 Re8 49. Qc7 Ra8 50. Rf7 Rf8 51. Rd7 Ra8 52. Qd6 Re8 53. Ra7 Ra8 54. Rb7 Rc8 55. Be3 Re8 56. Rd7 Qe6 57. Qc7 Qg8 58. Kg2 Ra8 59. Qd6 Qf8 60. Qd5 Re8 61. Ra7 Qg8 62. Qd7 Rd8 63. Qa4 Qe8 64. Qa6 Qf8 65. Bb6 Re8 66. Qb7 Rb8 67. Qc7 Rc8 68. Qd7 Ra8 69. Qxg7+ Qxg7 70. Rxa8+ 1-0

[Event "45th FIDE Chess Olympiad Open"]
[Site "Budapest, Hungary"]
[Date "2024.09.13"]
[Round "3.226"]
[White "Etienne, Angelo"]
[Black "Mwadzura, Roy"]
[Result "1/2-1/2"]
[WhiteElo "2122"]
[BlackElo "2229"]
[PlyCount "135"]
[EventDate "2024.??.??"]
[WhiteTeam "Haiti"]
[BlackTeam "Zimbabwe"]
[WhiteTeamCountry "HAI"]
[BlackTeamCountry "ZIM"]
[WhiteClock "0:21:22"]
[BlackClock "0:01:08"]

1. Nf3 Nf6 2. b3 e6 3. g3 b5 4. Bg2 Bb7 5. O-O Be7 6. Bb2 c5 7. c4 bxc4 8. bxc4 O-O 9. d3 $146 ({RR} 9. Nc3 d6 10. Rb1 Nbd7 11. d3 Bc6 12. Qc2 Rb8 13. Ba1 Qa5 14. Nd2 Bxg2 15. Kxg2 Qc7 16. Rxb8 Rxb8 17. Rb1 Rb6 18. Kg1 h5 19. Nf3 d5 20. Na4 Rxb1+ 21. Qxb1 a6 22. Bc3 d4 23. Bd2 e5 {Drazic,S (2508)-Timoshenko,G (2557) Bastia 2000 ½-½ (72)}) ({RR} 9. Qc2 Nc6 10. Nc3 Rb8 11. Rab1 Qa5 12. d3 d6 13. Nb5 a6 14. Bxf6 gxf6 15. Nc3 f5 16. Rfc1 Bf6 17. Qd2 Ba8 18. Rxb8 Rxb8 19. Qh6 Bxc3 20. Ng5 Nd8 21. Bxa8 Rxa8 22. Rxc3 Qxc3 23. Nxh7 Qg7 {Taushanov,M (1948)-Pancevski,F (2439) Skopje 2009 ½-½}) 9... d6 10. Nbd2 Nbd7 11. Qc2 a5 12. Rfb1 Ra7 13. Bc3 Qa8 14. a3 Bc6 15. Rb2 Rb7 16. Rxb7 Bxb7 17. Rb1 Rb8 18. Qa4 Bd8 19. Ne1 d5 20. cxd5 exd5 21. e3 Rc8 22. Bh3 Bc6 23. Qd1 Be7 24. Nef3 Re8 25. Nh4 a4 26. Nf5 Bf8 27. Bg2 Qa6 28. Bf1 Qc8 29. Bh3 Qc7 30. Qc1 g6 31. Nh4 h5 32. Nhf3 Ng4 33. Ba1 Bg7 34. Bxg7 Kxg7 35. Bg2 Qd6 36. Qc3+ Kg8 37. Rc1 Rb8 38. h3 Ngf6 39. Rb1 Rxb1+ 40. Nxb1 Qb8 41. Nbd2 Qb6 42. Ne5 Nxe5 43. Qxe5 Bb5 44. Bxd5 Bxd3 45. Bc4 Bxc4 46. Nxc4 Qb1+ 47. Kh2 Qc2 48. Qb8+ Kg7 49. Qf4 Ne4 50. Ne5 f6 51. Nd7 c4 52. Kg2 c3 53. Nc5 Nxc5 54. Qc7+ Kg8 55. Qxc5 Qe4+ 56. Kh2 c2 57. Qc8+ Kg7 58. Qc7+ Kh6 59. h4 Qf5 60. f4 g5 61. hxg5+ fxg5 62. Qd6+ Qg6 63. Qf8+ Kh7 64. Qe7+ Kh6 65. Qf8+ Kh7 66. Qe7+ Kh6 67. Qf8+ Kh7 68. Qe7+ 1/2-1/2

[Event "45th FIDE Chess Olympiad Open"]
[Site "Budapest, Hungary"]
[Date "2024.09.13"]
[Round "3.227"]
[White "Mushore, Emarald Takudzwa"]
[Black "Victor, Wyclef"]
[Result "1-0"]
[WhiteElo "2150"]
[BlackElo "1924"]
[PlyCount "89"]
[EventDate "2024.??.??"]
[WhiteTeam "Zimbabwe"]
[BlackTeam "Haiti"]
[WhiteTeamCountry "ZIM"]
[BlackTeamCountry "HAI"]
[WhiteClock "1:04:28"]
[BlackClock "0:46:44"]

1. e4 c5 2. Nf3 Nc6 3. d4 cxd4 4. Nxd4 Nf6 5. Nc3 e5 6. Ndb5 d6 7. Bg5 a6 8. Na3 b5 9. Nd5 Be7 10. Bxf6 Bxf6 11. c3 O-O 12. g3 Be6 ({RR} 12... g6 13. Bg2 Bg7 14. O-O Rb8 15. Nc2 Ne7 16. Nce3 Be6 17. Nxe7+ Qxe7 18. Nd5 Qb7 19. Ne3 Rfd8 20. Qd2 Bh6 21. a3 a5 22. Qd3 Qc6 23. Rad1 Bxe3 24. Qxe3 b4 25. axb4 axb4 26. cxb4 Rxb4 27. Rd2 {Sanal,V (2590)-Yu Yangyi (2729) chess.com INT 2023 0-1 (49)}) 13. Nxf6+ $146 ({RR} 13. Bg2 Bg5 14. Nc2 Rb8 15. h4 Bh6 16. O-O Ne7 17. Nce3 Bxe3 18. Nxe3 Qb6 19. Qd2 Rfd8 20. Rfd1 a5 21. Kh2 {½-½ (22) Berezin,V (2371)-Pavlov,S (2338) Kiev 2004}) ({RR} 13. Bg2 Bxd5 14. exd5 Ne7 15. O-O g6 16. Nc2 Bg7 17. a4 bxa4 18. Nb4 Qd7 19. Qxa4 Qc7 20. Nxa6 Qb6 21. b4 Rfc8 22. Rfc1 e4 23. Bxe4 Bxc3 24. Ra2 Qd4 25. Bf3 Nf5 26. b5 Qb6 27. Rac2 Nd4 {Nikologorskiy,K (2413)-Yeremyan,A (2279) chess.com INT 2024 ½-½ (38)}) ({RR} 13. Bg2 Rc8 14. Nc2 Bxd5 15. Qxd5 Qb6 16. O-O Na5 17. Rac1 Nc4 18. b3 Na5 {½-½ (18) Inglan,L-Bailo Ballarin,E Spain 1997}) ({RR} 13. Bg2 Ne7 14. Nxf6+ gxf6 15. O-O Ra7 16. Qh5 f5 17. f4 f6 18. fxe5 fxe5 19. Qg5+ Kh8 20. Nc2 Qe8 21. Rad1 Rd7 22. exf5 Nxf5 23. Bc6 Qd8 24. Qxd8 Rdxd8 25. Be4 d5 26. Bxf5 Bxf5 27. Nb4 Bh3 {Magem Badals,J (2425)-Magalotti,A (2205) Andorra 1987 1-0 (46)}) 13... Qxf6 14. Bg2 Rfd8 15. Nc2 a5 16. Ne3 b4 17. O-O Qe7 18. Qa4 Qb7 19. Rfd1 Ne7 20. c4 Nc6 21. Nf5 Qc7 22. Qxc6 Qxc6 23. Ne7+ Kf8 24. Nxc6 Rdc8 25. Rxd6 Ra6 26. Rxe6 fxe6 27. Nxe5 Rd6 28. Bf1 Rd4 29. f4 Rd2 30. b3 Ke7 31. a3 Rb2 32. axb4 axb4 33. Ra7+ Kd6 34. Rd7+ Kc5 35. Nd3+ Kc6 36. Nxb2 Kxd7 37. Nd3 Rb8 38. Kf2 Ra8 39. Nxb4 Ra3 40. Nd3 Kc6 41. b4 Rc3 42. Ke3 Rc2 43. b5+ Kb6 44. c5+ Kb7 45. Be2 1-0

[Event "45th FIDE Chess Olympiad Open"]
[Site "Budapest, Hungary"]
[Date "2024.09.13"]
[Round "3.228"]
[White "Guillaume, Jude Mirvens"]
[Black "Mapuranga, Vitalis"]
[Result "1/2-1/2"]
[WhiteElo "1956"]
[BlackElo "2013"]
[PlyCount "133"]
[EventDate "2024.??.??"]
[WhiteTeam "Haiti"]
[BlackTeam "Zimbabwe"]
[WhiteTeamCountry "HAI"]
[BlackTeamCountry "ZIM"]
[WhiteClock "0:08:22"]
[BlackClock "0:29:22"]

1. d4 c5 2. d5 Nf6 3. c4 e6 4. Nc3 exd5 5. Nxd5 Nxd5 6. cxd5 d6 7. e4 g6 8. Bd3 Bg7 9. Ne2 O-O 10. O-O a6 11. a4 Nd7 12. f4 Rb8 $146 ({RR} 12... Re8 13. Nc3 Nf6 14. Re1 b6 15. Qc2 Ra7 16. b3 Nxd5 17. Bb2 Nxf4 18. Rad1 Ne6 19. Bc4 Nd4 20. Qf2 Be6 21. Nd5 Bxd5 22. Bxd5 Ree7 23. Kh1 Ne6 24. Bxg7 Kxg7 25. Rf1 Rad7 26. Qf6+ Kg8 27. Rd2 {Stiepel,H-Genkin,M Osnabrueck 1994 0-1 (48)}) 13. a5 Nf6 14. h3 Re8 15. Nc3 Nh5 16. Qf3 b5 17. Be3 b4 18. Nd1 Nf6 19. Bf2 c4 20. Bc2 b3 21. Bb1 Nd7 22. Nc3 Qc7 23. Ra4 Bb7 24. h4 Rbc8 25. h5 Nf6 26. hxg6 hxg6 27. Bb6 Qd7 28. Rb4 Ng4 29. Rd1 f5 30. Rd2 Qf7 31. Ne2 Nf6 32. exf5 gxf5 33. Bxf5 Nxd5 34. Bxc8 Rxc8 35. Rxd5 Bxd5 36. Qg4 Re8 37. Bd4 Be6 38. Qxg7+ Qxg7 39. Bxg7 Kxg7 40. Rb6 Bg4 41. Nc3 Re1+ 42. Kf2 Rc1 43. Kg3 Bf5 44. Rxd6 Rxc3+ 45. bxc3 b2 46. Rb6 b1=Q 47. Rxb1 Bxb1 48. Kh4 Be4 49. g4 Kf6 50. Kg3 Bc6 51. Kh4 Be4 52. Kh5 Bd3 53. Kh4 Bg6 54. Kg3 Be8 55. Kf3 Bd7 56. Kg3 Bc6 57. Kh4 Ba4 58. Kh5 Bd1 59. Kh4 Bf3 60. Kg3 Be2 61. Kh4 Kg6 62. Kg3 Bd1 63. Kh4 Bf3 64. Kg3 Bc6 65. Kf2 Bd7 66. Kf3 Bc8 67. Ke4 1/2-1/2